000 00701nam a2200229 a 4500
999 _c11858
_d11858
001 11858
003 BD-JhCC
005 20210920134020.0
008 201122t2019 bg |||| ||a| 000 0 ben d
020 _a9848729750
035 _a(BD-JhCC)11858
040 _aBD-JhCC
_dBD-JhCC
041 _aben
082 _a813.54
_bISL 2019
100 _aইসলাম, তানজিরুল
245 _aপ্রজাপতি বসে আছে মাত্রায় /
_cতানজিরুল ইসলাম ।
260 _aঢাকা:
_bবাতিঘর;
_c২০১৮.
300 _a255 p. :
_c22 cm.
650 _aBengali Science Fiction
942 _2ddc
_cBK
_02